ARRUPE JESUIT UNIVERSITY

CORONAVIRUS -STOP THE SPREAD - CLEAN,DISINFECT,COVER

The Word made flesh : (Record no. 128297)

MARC details
000 -LEADER
fixed length control field 01047pam a2200277 a 4500
001 - CONTROL NUMBER
control field 1877796
003 - CONTROL NUMBER IDENTIFIER
control field ARRUPE
005 - DATE AND TIME OF LATEST TRANSACTION
control field 20181002144147.0
008 - FIXED-LENGTH DATA ELEMENTS--GENERAL INFORMATION
fixed length control field 830421s1983 nyu b 000 0 eng
010 ## - LIBRARY OF CONGRESS CONTROL NUMBER
LC control number 83008819
020 ## - INTERNATIONAL STANDARD BOOK NUMBER
International Standard Book Number 0818904364
Terms of availability $14.95
040 ## - CATALOGING SOURCE
Original cataloging agency DLC
Transcribing agency DLC
Modifying agency DLC
050 00 - LIBRARY OF CONGRESS CALL NUMBER
Classification number BX2003.M647
082 00 - DEWEY DECIMAL CLASSIFICATION NUMBER
Classification number 252/.02
Edition number 19
300 ## - PHYSICAL DESCRIPTION
Dimensions 21 cm.
100 1# - MAIN ENTRY--PERSONAL NAME
Personal name Miller, Charles Edward,
Dates associated with a name 1929-
9 (RLIN) 42710
245 14 - TITLE STATEMENT
Title The Word made flesh :
Remainder of title homilies for the Sundays of the three cycles /
Statement of responsibility, etc by Charles E. Miller, Oscar J. Miller, Michael M. Roebert.
260 ## - PUBLICATION, DISTRIBUTION, ETC. (IMPRINT)
Place of publication, distribution, etc New York :
Name of publisher, distributor, etc Alba House,
Date of publication, distribution, etc c1983.
300 ## - PHYSICAL DESCRIPTION
Extent 353 p. ;
500 ## - GENERAL NOTE
General note "Compiled from, Announcing the good news, Breaking the bread, and Communicating Christ."
504 ## - BIBLIOGRAPHY, ETC. NOTE
Bibliography, etc Includes bibliographical references.
610 20 - SUBJECT ADDED ENTRY--CORPORATE NAME
Corporate name or jurisdiction name as entry element Catholic Church
General subdivision Sermons.
9 (RLIN) 3001
650 #0 - SUBJECT ADDED ENTRY--TOPICAL TERM
Topical term or geographic name as entry element Sermons, American
Chronological subdivision 20th century.
9 (RLIN) 3003
700 1# - ADDED ENTRY--PERSONAL NAME
Personal name Miller, Oscar J.,
Dates associated with a name 1913-
9 (RLIN) 42711
700 1# - ADDED ENTRY--PERSONAL NAME
Personal name Roebert, Michael M.
9 (RLIN) 42712
906 ## - LOCAL DATA ELEMENT F, LDF (RLIN)
a 7
b cbc
c orignew
d 1
e ocip
f 19
g y-gencatlg
942 ## - ADDED ENTRY ELEMENTS (KOHA)
Source of classification or shelving scheme Library of Congress Classification
Koha item type Monograph ( Printed materials)
Holdings
Withdrawn status Lost status Source of classification or shelving scheme Damaged status Not for loan Home library Current library Date acquired Total Checkouts Full call number Barcode Date last seen Price effective from Koha item type
    Library of Congress Classification     ARRUPE LIBRARY ARRUPE LIBRARY 02/10/2018   BX2003.M647 46600003213 02/10/2018 02/10/2018 Monograph ( Printed materials)

 

Arrupe Library. PO Box MP320 Mt Pleasant, Harare, Zimbabwe
263 242 745411|librarian@aju.ac.zw